| 000 | 00397nam a2200157Ia 4500 | ||
|---|---|---|---|
| 008 | 210716s2006 xx 000 0 und d | ||
| 020 | _a8126506490 | ||
| 041 | _aeng | ||
| 082 | _a658.4092 KOUJ | ||
| 100 | _aKouzes, James M;Posner, Barry Z. | ||
| 245 | _aLeadership challenge. | ||
| 250 | _a3 | ||
| 260 |
_aNew Delhi _bJohn Wiley & sons _c2006 |
||
| 300 | _axxviii,458 | ||
| 650 | _aLeadership | ||
| 999 |
_c201356 _d201356 |
||